000 01104nam a2200205 i 4500
001 161340
003 ES-MaACL
005 20240228210420.0
008 940301m18421845sp af |||| | spa d
080 _a94(460)"1833/40"
245 0 0 _aPanorama español :
_bcrónica contemporánea, obra pintoresca con 30 láminas en acero y 75 grabados en madera en cada tomo, destinada a esponer [sic] todos los acontecimientos políticos desde octubre de 1832 hasta nuestros días... /
_cpor una reunión de amigos colaboradores.
260 _aMadrid :
_b[s.n.],
_c1842-1845 (
_fImp. del Panorama Español)
300 _a4 v. :
_bil., grab. ;
_c28 cm.
530 _aDisponible en formato digital.
597 _aI (V, 234 p., [26] h. de lám.) - II (319 p., [27] h. de lám.) - III (307 p., [31] h. de lám.) - IV (455 p.)
651 4 _aEspaña-
_xHistoria-
_y1833-1840, Guerra carlista
_98250
852 _aES-MaACL
_jZ-132-135
_z- Enc. hol.
_xOlim: C-1204-1207
856 _uhttp://www.euskalmemoriadigitala.eus/handle/10357/4661
_zMemoria Digital Vasca
999 _c161340
_d161340